000 00323nam a2200133Ia 4500
005 20251218183118.0
008 251218s1900 xx 000 0 spa d
020 _a8440432356
082 _a340.9/M26
100 _aMarín López, Antonio
245 0 _a Derecho Internacional Privado Español
250 _a7ma.ed.
942 _cLIB
999 _c37
_d37